Gaming Quiz

Random Gaming or Video Games Quiz

Highest grossing video games franchises Quiz Stats

 Plays Quiz not verified by Sporcle

Also try: Mario Kart Games
Challenge
Share
Tweet
Embed
Score 0/29 Timer 05:00
0 Plays Today
Sales (million) Game % Correct
262Mario
93.3%
55Call of Duty
81%
80Sonic the Hedgehog
65.4%
100Grand Theft Auto
59.8%
59The Legend of Zelda
59.8%
225Pokemon
53.6%
49Donkey Kong
48%
85Madden NFL
46.9%
100Final Fantasy
46.4%
100FIFA
43.6%
175Tetris
38%
35NBA live
34.1%
63.15Gran Turismo
31.3%
125The Sims
30.7%
40Crash Bandicoot
26.3%
Sales (million) Game % Correct
100Need for Speed
24.6%
45Resident Evil
22.9%
35Tomb Raider
21.2%
40Tekken
20.1%
40Guitar Hero
15.1%
69Pro Evolution Soccer
14%
57Dragon Quest
13.4%
50Lego
13.4%
47WWE Smackdown vs Raw
8.9%
55Tom Clancy
8.4%
40Harry Potter
8.4%
50Bejeweled
3.4%
58.9Ape Escape
1.7%
43Lineage
1.7%

You're not logged in!

Compare scores with friends on all Sporcle quizzes.
Join for Free
OR
Log In

You Might Also Like...

Show Comments

Extras

Top Quizzes Today


Score Distribution

Your Account Isn't Verified!

In order to create a playlist on Sporcle, you need to verify the email address you used during registration. Go to your Sporcle Settings to finish the process.

Report this User

Report this user for behavior that violates our Community Guidelines.

Details: